| 000 | 00000nam 2200000zi 4500 |
| 001 | 9.927098 |
| 003 | CaOODSP |
| 005 | 20250815152657 |
| 006 | m o d f |
| 007 | cr cn||||||||| |
| 008 | 230911t20232023onc o f000 0 eng d |
| 020 | |a9780660678733 |
| 040 | |aCaOODSP|beng|erda|cCaOODSP |
| 043 | |an-cn--- |
| 086 | 1 |aRv4-131/2023E-PDF |
| 245 | 00|aCanada Child Benefit Program : |b2022-2023 satisfaction survey : final report. |
| 264 | 1|a[Ottawa] : |bCanada Revenue Agency = Agence du revenu du Canada, |c2023. |
| 264 | 4|c©2023 |
| 300 | |a1 online resource (35 pages) + |eexecutive summary (6 pages) |
| 336 | |atext|btxt|2rdacontent |
| 337 | |acomputer|bc|2rdamedia |
| 338 | |aonline resource|bcr|2rdacarrier |
| 500 | |aIssued also in French under title: Programme de l’Allocation canadienne pour enfants : 2022-2023 sondage sur la satisfaction : rapport final. |
| 500 | |a"July 2023." |
| 500 | |aCover title. |
| 500 | |a"Prepared for the Canada Revenue Agency." |
| 500 | |a"Supplier name: Nanos Research." |
| 500 | |a"Contract Number: CW 2268404." |
| 500 | |a"Registration Number: POR-113-22." |
| 610 | 20|aNational Child Benefit (Canada)|xPublic opinion. |
| 650 | 0|aFamily allowances|zCanada|xPublic opinion. |
| 650 | 0|aPublic opinion|zCanada. |
| 710 | 2 |aCanada Revenue Agency, |eissuing body. |
| 710 | 2 |aNanos Research (Firm), |eissuing body. |
| 775 | 08|tProgramme de l’Allocation canadienne pour enfants : |w(CaOODSP)9.927099 |
| 794 | |tCanada Child Benefit Program : |w(CaOODSP)9.937045 |
| 795 | |tCanada Child Benefit Program : |w(CaOODSP)9.911443 |
| 856 | 40|qPDF|s548 KB|uhttps://publications.gc.ca/collections/collection_2023/arc-cra/Rv4-131-2023-eng.pdf|zFinal report |
| 856 | 40|qPDF|s202 KB|uhttps://publications.gc.ca/collections/collection_2023/arc-cra/Rv4-131-2023-1-eng.pdf|zExecutive summary |
| 856 | 4 |qHTML|sN/A|uhttps://epe.bac-lac.gc.ca/100/200/301/pwgsc-tpsgc/por-ef/canada_revenue_agency/2023/113-22-e/POR113-22-report.html|zFinal report |
| 856 | 4 |qHTML|sN/A|uhttps://epe.bac-lac.gc.ca/100/200/301/pwgsc-tpsgc/por-ef/canada_revenue_agency/2023/113-22-e/summary/POR113-22-summary.html|zExecutive summary |